000 00540nam a22001577a 4500
005 20150916142748.0
008 150916b xxu||||| |||| 00| 0 eng d
040 _cPK-LaUMT
082 _aKHC 306.089581
_bMAU-T
100 _aمعظم شاہ
245 _aتواریخ حافظ رحمت خانی
_bافغان قبائل اور انکی تاریخ
_cمعظم شاہ
260 _aپشاور
_bپشتو اکیڈمی پشاور یونیورسٹی
_c1976
300 _a733 ص
700 _aخان روشن خان(ترتیب کار
942 _cBK
999 _c75894
_d75894